Моделирование компонентов и элементов интегральных схем: учебное пособие для вузов

书目详细资料
主要作者: Петров М. Н. Михаил Николаевич
其他作者: Гудков Г. В. Геннадий Владимирович
总结:В данном учебном пособии рассмотрены вопросы моделирования компонентов ИС и полупроводниковых приборов для выполнения задач схемотехнического проектирования СБИС на базе SPICE-подобных (AIM-SPICE) систем схемотехнического моделирования. Представлен широкий спектр базовых и универсальных SPICE-моделей, как традиционных, так и новых приборов, включая биполярные и МОП-транзисторы, гетеробиполярные транзисторы, тонкопленочные транзисторы на поликремнии и аморфном кремнии, полевые транзисторы на GaAs с барьером Шоттки. Изложенный теоретический материал сопровождается подробными примерами. Учебное пособие предназначено для студентов технических вузов, может использоваться по следующим дисциплинам: «Твердотельная электроника», «Микроэлектроника» и «Микросхемотехника», для специальности «Микроэлектроника и полупроводниковые приборы» направления «Электроника и микроэлектроника».
语言:俄语
出版: СПб., Лань, 2011
丛编:Учебники для вузов. Специальная литература
主题:
格式: MixedMaterials 图书
KOHA link:https://koha.lib.tpu.ru/cgi-bin/koha/opac-detail.pl?biblionumber=178823

MARC

LEADER 00000nam0a2200000 4500
001 178823
005 20231101223430.0
010 |a 9785811410750 
035 |a (RuTPU)RU\TPU\book\193840 
090 |a 178823 
100 |a 20100409d2011 m y0rusy50 ca 
101 0 |a rus 
102 |a RU 
105 |a a j 001zy 
200 1 |a Моделирование компонентов и элементов интегральных схем  |e учебное пособие для вузов  |f М. Н. Петров, Г. В. Гудков 
210 |a СПб.  |c Лань  |d 2011 
215 |a 464 с.  |c ил. 
225 1 |a Учебники для вузов. Специальная литература 
320 |a Библиогр.: с. 454-457. 
330 |a В данном учебном пособии рассмотрены вопросы моделирования компонентов ИС и полупроводниковых приборов для выполнения задач схемотехнического проектирования СБИС на базе SPICE-подобных (AIM-SPICE) систем схемотехнического моделирования. Представлен широкий спектр базовых и универсальных SPICE-моделей, как традиционных, так и новых приборов, включая биполярные и МОП-транзисторы, гетеробиполярные транзисторы, тонкопленочные транзисторы на поликремнии и аморфном кремнии, полевые транзисторы на GaAs с барьером Шоттки. Изложенный теоретический материал сопровождается подробными примерами. Учебное пособие предназначено для студентов технических вузов, может использоваться по следующим дисциплинам: «Твердотельная электроника», «Микроэлектроника» и «Микросхемотехника», для специальности «Микроэлектроника и полупроводниковые приборы» направления «Электроника и микроэлектроника». 
606 1 |a Интегральные схемы  |2 stltpush  |3 (RuTPU)RU\TPU\subj\12775  |9 39495 
610 1 |a компоненты 
610 1 |a элементы 
610 1 |a имитационное моделирование 
610 1 |a системный подход 
610 1 |a модели 
610 1 |a классификация 
610 1 |a CM SPICE 
610 1 |a полупроводники 
610 1 |a носители заряда 
610 1 |a перенос 
610 1 |a биполярные транзисторы 
610 1 |a полевые транзисторы 
610 1 |a AIM-SPICE 
610 1 |a учебные пособия 
675 |a 621.382.049.77(075.8)  |v 3 
700 1 |a Петров  |b М. Н.  |g Михаил Николаевич 
701 1 |a Гудков  |b Г. В.  |g Геннадий Владимирович 
801 1 |a RU  |b 63413507  |c 20100409 
801 2 |a RU  |b 63413507  |c 20150611  |g RCR 
900 |a Твердотельная электроника 
900 |a Электроника и микросхемотехника 
900 |a Электроника и микроэлектроника 
900 |a Электронная и микропроцессорная техника 
942 |c BK 
951 |b 210100 
959 |a 23/20100408  |d 5  |e 0  |f АНЛ:1  |f ЧЗТЛ:1  |f УФ:3 
959 |a 73/20101021  |d 5  |e 0  |f АНЛ:1  |f ЧЗТЛ:1  |f УФ:3 
959 |a 29/20110303  |d 5  |e 900,02  |f АНЛ:1  |f ЧЗТЛ:1  |f УФ:3